000 00484nam a2200193Ia 4500
008 240510s9999 xx 000 0 und d
020 _a9781780226583
041 _aEng
082 _a920
082 _bY58
100 _aYOUSAFZAI,MALALA
245 0 _aI Am Malala:The Girl Who Stood Up for Education and Was Shot by the Taliban
260 _bLondon:Weidenfeld and Nicolson
260 _c2013
300 _a293 p.
650 _aAutobiography
942 _2ddc
942 _cLBK
999 _c29291
_d29291
945 _a1
_bMadushi Gamage
_c1
_dMadushi Gamage